Financial modelling in practice : (Record no. 57740)

MARC details
000 -LEADER
fixed length control field 01269nam\a2200301\a\4500
001 - CONTROL NUMBER
control field 57740
005 - DATE AND TIME OF LATEST TRANSACTION
control field 20260407110254.0
008 - FIXED-LENGTH DATA ELEMENTS--GENERAL INFORMATION
fixed length control field 260402s2008 njua b 001 0 eng
020 ## - INTERNATIONAL STANDARD BOOK NUMBER
ISBN 9780470997444
040 ## - CATALOGING SOURCE
Original cataloging agency DLC
Transcribing agency DLC
Modifying agency BD-DhIUB
082 00 - DEWEY DECIMAL CLASSIFICATION NUMBER
Classification number 332.0151
Edition number 22
Item number R3281f
100 1# - MAIN ENTRY--PERSONAL NAME
Personal name Rees, Michael,
Dates associated with a name 1964-
245 10 - TITLE STATEMENT
Title Financial modelling in practice :
Remainder of title a concise guide for intermediate and advanced level /
Statement of responsibility, etc Michael Rees.
260 ## - PUBLICATION, DISTRIBUTION, ETC. (IMPRINT)
Place of publication, distribution, etc Hoboken, NJ :
Name of publisher, distributor, etc Wiley,
Date of publication, distribution, etc c2008.
300 ## - PHYSICAL DESCRIPTION
Extent xvii, 270 p. :
Other physical details ill. ;
Dimensions 25 cm +
Accompanying material 1 CD-ROM (4 3/4 in.).
490 0# - SERIES STATEMENT
Series statement Wiley finance series
504 ## - BIBLIOGRAPHY, ETC. NOTE
Bibliography, etc Includes bibliographical references and index.
526 ## - STUDY PROGRAM INFORMATION NOTE
School name School of Business and Entrepreneurship
Department Finance
Shelving Location Reference Stacks
541 ## - IMMEDIATE SOURCE OF ACQUISITION NOTE
Source of acquisition Trim Education
630 00 - SUBJECT ADDED ENTRY--UNIFORM TITLE
Uniform title Microsoft Excel (Computer file)
650 #0 - SUBJECT ADDED ENTRY--TOPICAL TERM
Topical term or geographic name as entry element Finance
General subdivision Mathematical models.
650 #0 - SUBJECT ADDED ENTRY--TOPICAL TERM
Topical term or geographic name as entry element Corporations
General subdivision Finance
-- Mathematical models.
650 #0 - SUBJECT ADDED ENTRY--TOPICAL TERM
Topical term or geographic name as entry element Options (Finance)
General subdivision Mathematical models.
856 41 - ELECTRONIC LOCATION AND ACCESS
Materials specified Table of contents only
Uniform Resource Identifier <a href="http://www.loc.gov/catdir/toc/ecip0828/2008038607.html">http://www.loc.gov/catdir/toc/ecip0828/2008038607.html</a>
942 ## - ADDED ENTRY ELEMENTS (KOHA)
Source of classification or shelving scheme Dewey Decimal Classification
Koha item type Books
Holdings
Withdrawn status Lost status Source of classification or shelving scheme Damaged status Not for loan Home library Current library Shelving location Date acquired Source of acquisition Cost, normal purchase price Serial Enumeration / chronology Total Checkouts Full call number Barcode Date last seen Copy number Cost, replacement price Price effective from Koha item type
    Dewey Decimal Classification   Not For Loan Library, Independent University, Bangladesh (IUB) Library, Independent University, Bangladesh (IUB) Reference Stacks 24/03/2026 Purchase 12000.00 2008   332.0151 R3281f 029595 02/04/2026 01 24000.00 24/03/2026 Books
    Dewey Decimal Classification   Not For Loan Library, Independent University, Bangladesh (IUB) Library, Independent University, Bangladesh (IUB) Reference Stacks 24/03/2026 Purchase 12000.00 2008   332.0151 R3281f 029596 02/04/2026 02 24000.00 24/03/2026 Books
    Dewey Decimal Classification   Not For Loan Library, Independent University, Bangladesh (IUB) Library, Independent University, Bangladesh (IUB) Reference Stacks 24/03/2026 Purchase 12000.00 2008   332.0151 R3281f 029597 02/04/2026 03 24000.00 24/03/2026 Books